Climatology / (Record no. 93)
[ view plain ]
| 000 -LEADER | |
|---|---|
| fixed length control field | 00982nam a22002897a 4500 |
| 001 - CONTROL NUMBER | |
| control field | 93 |
| 003 - CONTROL NUMBER IDENTIFIER | |
| rucl marc code | BD-RjUL |
| 005 - DATE AND TIME OF LATEST TRANSACTION | |
| control field | 20211208233119.0 |
| 008 - FIXED-LENGTH DATA ELEMENTS--GENERAL INFORMATION | |
| fixed length control field | 131116s1944 nyuado| |||| 001 0 eng d |
| 035 ## - SYSTEM CONTROL NUMBER | |
| System control number | (BD-RjUL) 102 |
| 040 ## - CATALOGING SOURCE | |
| Original cataloging agency | (OCoLO)348535 |
| Language of cataloging | eng |
| Transcribing agency | BD-RjUL |
| Modifying agency | BD-RjUL |
| 041 ## - LANGUAGE CODE | |
| Language code of text/sound track or separate title | eng |
| 082 04 - DEWEY DECIMAL CLASSIFICATION NUMBER | |
| Edition number | 20 |
| Classification number | 551.6 |
| Author mark and year | HAC 1944 |
| 100 1# - MAIN ENTRY--PERSONAL NAME | |
| Personal name | Haurwitz, Bernhard. |
| 9 (RLIN) | 311 |
| 245 1# - TITLE STATEMENT | |
| Title | Climatology / |
| Statement of responsibility, etc. | James M. Austin. |
| 250 ## - EDITION STATEMENT | |
| Edition statement | 1st ed. |
| 260 ## - PUBLICATION, DISTRIBUTION, ETC. (IMPRINT) | |
| Place of publication, distribution, etc. | New York ; |
| Name of publisher, distributor, etc. | McGraw-Hill Book Co. , |
| Date of publication, distribution, etc. | c 1944. |
| Place of publication, distribution, etc. | London : |
| Name of publisher, distributor, etc. | McGraw-Hill Book Co. , |
| Date of publication, distribution, etc. | c 1944. |
| 300 ## - PHYSICAL DESCRIPTION | |
| Pagination | xi, 410 p. fold. front., charts (17 fold. in pocket) : |
| Illustrations | ill. ; |
| Size | 23 cm. |
| 504 ## - BIBLIOGRAPHY, ETC. NOTE | |
| Bibliography, etc | Include index. |
| 526 ## - STUDY PROGRAM INFORMATION NOTE | |
| Program name | Climatology |
| Requested Dept. | Science |
| 650 #7 - SUBJECT ADDED ENTRY--TOPICAL TERM | |
| Source of heading or term | SLSH |
| Topical term or geographic name as entry element | Climatology. |
| 9 (RLIN) | 312 |
| Source of heading or term | SLSH |
| Topical term or geographic name as entry element | Climatologie. |
| 9 (RLIN) | 313 |
| 700 1# - ADDED ENTRY--PERSONAL NAME | |
| Personal name | Austin, Jamees M. |
| 856 ## - ELECTRONIC LOCATION AND ACCESS | |
| Materials specified | WorldCat details |
| Uniform Resource Identifier | <a href="http://www.worldcat.org/title/climatology/oclc/348535&referer=brief_results#relatedsubjects">http://www.worldcat.org/title/climatology/oclc/348535&referer=brief_results#relatedsubjects</a> |
| 942 ## - ADDED ENTRY ELEMENTS (KOHA) | |
| Source of classification or shelving scheme | Dewey Decimal Classification |
| Koha item type | Books |
| Lost status | Source of classification or shelving scheme | Damaged status | Not for loan | Collection code | Permanent Location | Current Location | Shelving location | Date acquired | Source of acquisition | Total Checkouts | Full call number | Date last seen | Copy number | Koha item type | Date checked out | Cost, normal purchase price |
|---|---|---|---|---|---|---|---|---|---|---|---|---|---|---|---|---|
| Dewey Decimal Classification | Not For Loan | Non-fiction | Central Library, University of Rajshahi | Central Library, University of Rajshahi | 13/11/1974 | Bangladesh Government | 551.6 HAC 1944 | 07/11/2013 | C-7 | Books | ||||||
| Dewey Decimal Classification | Non-fiction | Central Library, University of Rajshahi | Central Library, University of Rajshahi | 13/11/1973 | U.S. Govt. | 2 | 551.6 HAC 1944 | 30/01/2016 | C-8 | Books | 30/01/2016 | |||||
| Dewey Decimal Classification | Not For Loan | Non-fiction | Central Library, University of Rajshahi | Central Library, University of Rajshahi | Reading Room | 03/01/1956 | Ferozsons | 551.6 HAC 1944 | 27/02/2014 | C-1 | Books | 48.00 | ||||
| Dewey Decimal Classification | Non-fiction | Central Library, University of Rajshahi | Central Library, University of Rajshahi | 13/11/1973 | U.S. Govt. | 551.6 HAC 1944 | 18/10/2016 | C-2 | Books | 0.00 | ||||||
| Dewey Decimal Classification | Non-fiction | Central Library, University of Rajshahi | Central Library, University of Rajshahi | 13/11/1973 | U.S. Govt. | 551.6 HAC 1944 | 21/05/2017 | C-3 | Books | |||||||
| Dewey Decimal Classification | Non-fiction | Central Library, University of Rajshahi | Central Library, University of Rajshahi | 13/11/1973 | U.S. Govt. | 551.6 HAC 1944 | 21/05/2017 | C-4 | Books | |||||||
| Dewey Decimal Classification | Non-fiction | Central Library, University of Rajshahi | Central Library, University of Rajshahi | 13/11/1973 | U.S. Govt. | 551.6 HAC 1944 | 21/05/2017 | C-5 | Books | |||||||
| Dewey Decimal Classification | Non-fiction | Central Library, University of Rajshahi | Central Library, University of Rajshahi | 13/11/1973 | U.S. Govt. | 551.6 HAC 1944 | 21/05/2017 | C-6 | Books | |||||||
| Dewey Decimal Classification | Non-fiction | Central Library, University of Rajshahi | Central Library, University of Rajshahi | 27/01/2019 | 551.6 HAC 1944 | 27/01/2019 | C-9 | Books |